Big data technology and its importance for decision-making in enterprises

Analýzou veľkého množstva údajov je možné získať informácie dôležité pre podnik, čo uľahčí rozhodovací proces manažérov. Technológia pre veľký objem dát s názvom Big Data sa v súčasnosti vo veľkej miere využíva na efektívne využívanie údajov. Koncept veľkých údajov (big data) a ich charakteristika....

Descrizione completa

Salvato in:
Dettagli Bibliografici
Autore principale: Kubina, Milan
Altri autori: Koman, Gabriel
Natura: Capitolo di libro
Lingua:inglese
Soggetti:
Tags: Aggiungi Tag
Nessun Tag, puoi essere il primo ad aggiungerne!!

MARC

LEADER 00000naa a2200000 4500
001 0229496
005 20220715120507.3
041 0 |a eng 
044 |a SK 
245 1 0 |a Big data technology and its importance for decision-making in enterprises  |c Milan Kubina, Gabriel Koman 
520 |a Analýzou veľkého množstva údajov je možné získať informácie dôležité pre podnik, čo uľahčí rozhodovací proces manažérov. Technológia pre veľký objem dát s názvom Big Data sa v súčasnosti vo veľkej miere využíva na efektívne využívanie údajov. Koncept veľkých údajov (big data) a ich charakteristika. Výhody technológie veľkých dát napríklad pri zefektívnení marketingu, práce call centra, znížení rizika straty, prispôsobení ponuky podľa potrieb zákazníkov, zvýšení kvality poskytovaných služieb či pri rozpoznávaní hlasu. 
610 2 0 |a podnik 
610 2 0 |a dáta 
610 2 0 |a analýza dát 
610 2 0 |a technológie informačné 
610 2 0 |a technológie komunikačné 
610 2 0 |a manažment 
610 2 0 |a rozhodovanie 
100 1 |a Kubina, Milan 
700 1 |a Koman, Gabriel